<?xml version="1.0" encoding="UTF-8"?>
<record
    xmlns:xsi="http://www.w3.org/2001/XMLSchema-instance"
    xsi:schemaLocation="http://www.loc.gov/MARC21/slim http://www.loc.gov/standards/marcxml/schema/MARC21slim.xsd"
    xmlns="http://www.loc.gov/MARC21/slim">

  <leader>01094nam a2200325 a 4500</leader>
  <controlfield tag="001">000016608</controlfield>
  <controlfield tag="003">DO-SdBNP</controlfield>
  <controlfield tag="005">20171113111435.0</controlfield>
  <controlfield tag="007">000016608</controlfield>
  <controlfield tag="008">100308s2005    sp a          000 0 spa d</controlfield>
  <datafield tag="020" ind1=" " ind2=" ">
    <subfield code="a">9568090657</subfield>
  </datafield>
  <datafield tag="040" ind1=" " ind2=" ">
    <subfield code="a">BPMSU</subfield>
    <subfield code="b">spa</subfield>
    <subfield code="c">BPMSU</subfield>
  </datafield>
  <datafield tag="082" ind1=" " ind2="4">
    <subfield code="a">796.077</subfield>
    <subfield code="b">V145g</subfield>
  </datafield>
  <datafield tag="100" ind1=" " ind2=" ">
    <subfield code="4">Vald&#xE9;s Opazo, Enzo.</subfield>
  </datafield>
  <datafield tag="245" ind1="1" ind2="0">
    <subfield code="a">Gu&#xED;a pr&#xE1;ctica para docentes de ense&#xF1;anza b&#xE1;sica :</subfield>
    <subfield code="b">educaci&#xF3;n f&#xED;sica / </subfield>
    <subfield code="c">Enzo Vald&#xE9;s Opazo ; ilustraciones Gonzalo D&#xED;az V&#xE1;squez.</subfield>
  </datafield>
  <datafield tag="246" ind1=" " ind2=" ">
    <subfield code="a">Educaci&#xF3;n f&#xED;sica</subfield>
  </datafield>
  <datafield tag="260" ind1=" " ind2=" ">
    <subfield code="a">Barcelona :</subfield>
    <subfield code="b">Bibliogr&#xE1;fica Internacional,</subfield>
    <subfield code="c">2005</subfield>
  </datafield>
  <datafield tag="300" ind1=" " ind2=" ">
    <subfield code="a">580 p. :</subfield>
    <subfield code="b">il. ;</subfield>
    <subfield code="c">29 cm.</subfield>
  </datafield>
  <datafield tag="650" ind1=" " ind2=" ">
    <subfield code="a">EDUCACI&#xD3;N F&#xCD;SICA </subfield>
    <subfield code="v">GU&#xCD;AS</subfield>
  </datafield>
  <datafield tag="650" ind1=" " ind2=" ">
    <subfield code="a">EDUCACI&#xD3;N F&#xCD;SICA</subfield>
    <subfield code="v">MANUALES</subfield>
  </datafield>
  <datafield tag="650" ind1=" " ind2=" ">
    <subfield code="2">JUEGOS EDUCATIVOS</subfield>
  </datafield>
  <datafield tag="700" ind1=" " ind2=" ">
    <subfield code="4">D&#xED;az V&#xE1;squez, Gonzalo, </subfield>
    <subfield code="e">il. </subfield>
  </datafield>
  <datafield tag="740" ind1=" " ind2=" ">
    <subfield code="a">Educaci&#xF3;n f&#xED;sica</subfield>
  </datafield>
  <datafield tag="910" ind1=" " ind2=" ">
    <subfield code="a">Validado. Control de calidad MFF</subfield>
  </datafield>
  <datafield tag="930" ind1=" " ind2="1">
    <subfield code="l">BND01</subfield>
    <subfield code="m">LF1</subfield>
    <subfield code="8">20100308</subfield>
    <subfield code="f">01</subfield>
    <subfield code="p">CT</subfield>
    <subfield code="g">11298</subfield>
  </datafield>
  <datafield tag="942" ind1=" " ind2=" ">
    <subfield code="2">ddc</subfield>
    <subfield code="c">BK</subfield>
  </datafield>
  <datafield tag="945" ind1=" " ind2=" ">
    <subfield code="a">Inventariado, 2017/MFF</subfield>
  </datafield>
  <datafield tag="952" ind1=" " ind2=" ">
    <subfield code="0">0</subfield>
    <subfield code="1">0</subfield>
    <subfield code="2">ddc</subfield>
    <subfield code="4">0</subfield>
    <subfield code="7">0</subfield>
    <subfield code="8">CG</subfield>
    <subfield code="a">BPMET</subfield>
    <subfield code="b">BPMET</subfield>
    <subfield code="d">2015-09-25</subfield>
    <subfield code="e">Compra</subfield>
    <subfield code="l">0</subfield>
    <subfield code="o">796.077  V145g</subfield>
    <subfield code="p">BPMSU15090162</subfield>
    <subfield code="r">2015-09-25</subfield>
    <subfield code="w">2015-09-25</subfield>
    <subfield code="y">BK</subfield>
  </datafield>
  <datafield tag="952" ind1=" " ind2=" ">
    <subfield code="0">0</subfield>
    <subfield code="1">0</subfield>
    <subfield code="2">ddc</subfield>
    <subfield code="4">0</subfield>
    <subfield code="7">0</subfield>
    <subfield code="8">CG</subfield>
    <subfield code="a">BPMET</subfield>
    <subfield code="b">BPMET</subfield>
    <subfield code="d">2015-09-25</subfield>
    <subfield code="e">Compra</subfield>
    <subfield code="l">0</subfield>
    <subfield code="o">796.077  V145g</subfield>
    <subfield code="p">BPMSU15090163</subfield>
    <subfield code="r">2015-09-25</subfield>
    <subfield code="t">e.2</subfield>
    <subfield code="w">2015-09-25</subfield>
    <subfield code="y">BK</subfield>
  </datafield>
  <datafield tag="952" ind1=" " ind2=" ">
    <subfield code="0">0</subfield>
    <subfield code="1">0</subfield>
    <subfield code="2">ddc</subfield>
    <subfield code="4">0</subfield>
    <subfield code="7">0</subfield>
    <subfield code="8">CG</subfield>
    <subfield code="a">BPMET</subfield>
    <subfield code="b">BPMET</subfield>
    <subfield code="d">2015-09-25</subfield>
    <subfield code="e">Compra</subfield>
    <subfield code="l">0</subfield>
    <subfield code="o">796.077 V145g</subfield>
    <subfield code="p">BPMSU15090164</subfield>
    <subfield code="r">2015-09-25</subfield>
    <subfield code="t">ej. 3</subfield>
    <subfield code="w">2015-09-25</subfield>
    <subfield code="y">BK</subfield>
  </datafield>
  <datafield tag="956" ind1=" " ind2=" ">
    <subfield code="a">IGARCIA</subfield>
    <subfield code="b">10</subfield>
    <subfield code="c">20100709</subfield>
    <subfield code="l">BND01</subfield>
    <subfield code="h">0948</subfield>
  </datafield>
  <datafield tag="956" ind1=" " ind2=" ">
    <subfield code="a">VMATEO</subfield>
    <subfield code="b">10</subfield>
    <subfield code="c">20150925</subfield>
    <subfield code="l">BPMSU</subfield>
    <subfield code="h">00151</subfield>
  </datafield>
  <datafield tag="999" ind1=" " ind2=" ">
    <subfield code="c">8290</subfield>
    <subfield code="d">8290</subfield>
  </datafield>
</record>
